| 000 | 00645nam a2200229Ia 4500 | ||
|---|---|---|---|
| 003 | OSt | ||
| 005 | 20220923230541.0 | ||
| 006 | a|||||r|||| 00| 0 | ||
| 007 | ta | ||
| 008 | 220922b |||||||| |||| 00| 0 pan d | ||
| 024 | _a283,092 | ||
| 037 | _cTextual | ||
| 040 |
_aARTS _cARTS _bpan |
||
| 041 |
_2pan _apan |
||
| 082 | _aO153,3NMO2,CD, M1 | ||
| 100 |
_aਮਹਿੰਦਰ ਜੀਤ _9156278 |
||
| 245 | 0 | _aਚੇਤਨਾ ਦਾ ਇਕ ਪੱਲ | |
| 260 | _c1981 | ||
| 650 | _aਪੰਜਾਬੀ ਸਾਹਿਤ | ||
| 942 |
_hO153,3NMO2,CD, M1 _cTEXL _2CC |
||
| 999 |
_c385635 _d385635 |
||